Capitales Européennes par Drapeau # 2 - Statistiques

Statistiques générales
  • Ce quiz a été pris 136 fois
  • Le résultat moyen est 13 sur 18
Statistiques - réponses
Par images Réponse % Correct
Bruxelles
99%
Berne
97%
Berlin
95%
Dublin
95%
Helsinki
91%
Bucarest
89%
Nicosie
82%
Minsk
80%
Riga
80%
Reykjavik
79%
Sofia
79%
Bratislava
78%
Sarajevo
78%
Podgorica
65%
Erevan
54%
Cardiff
53%
Angra do Heroísmo/Horta/Ponta Delgada
4%
Ceuta
3%
Aucun quiz correspondant
Distribution des résultats
% des personnes avec chaque résultat
Percentile par nombre de réponses
Votre historique - résultats
Vous n’avez pas pris ce quiz